América Latina (Registro nro. 16109)
[ vista simple ]
| 000 -CABECERA | |
|---|---|
| Longitud fija campo de control | 00580nam a2200205 c 4500 |
| 001 - NÚMERO DE CONTROL | |
| Número de control | a5340440 |
| 003 - IDENTIFICADOR DELl NÚMERO DE CONTROL | |
| Identificador del número de control | OSt |
| 005 - FECHA Y HORA DE LA ÚLTIMA TRANSACCIÓN | |
| Fecha y hora de la última transacción | 20141210150927.0 |
| 008 - CÓDIGOS DE INFORMACIÓN DE LONGITUD FIJA | |
| Códigos de información de longitud fija | 130419s1978 mx 000 0 spa |
| 040 ## - FUENTE DE LA CATALOGACIÓN | |
| Centro transcriptor | BMC |
| 082 ## - NÚMERO DE LA CLASIFICACIÓN DECIMAL DEWEY | |
| Númeroo de clasificación | 980.01 |
| 245 00 - MENCIÓN DE TÍTULO | |
| Título | América Latina |
| Resto del título | : dominación colonial |
| Número de parte o sección de la obra | 1 |
| Mención de responsabilidad, etc. | prólogo y selección de Carlos A. Godinez |
| 250 ## - MENCIÓN DE EDICIÓN | |
| Mención de edición | 1ª ed |
| 260 ## - PUBLICACIÓN, DISTRIBUCIÓN, ETC. (PIE DE IMPRENTA) | |
| Lugar de publicación, distribución, etc. | San Salvador |
| Nombre del editor, distribuidor, etc. | Universitaria |
| Fecha de publicación, distribución, etc. | 1978 |
| 300 ## - DESCRIPCIÓN FÍSICA | |
| Extensión | 631 p. |
| Dimensiones | 23 cm |
| 490 0# - MENCIÓN DE SERIE | |
| Mención de serie | Lecturas escogidas |
| 651 24 - PUNTO DE ACCESO ADICIONAL DE MATERIA - NOMBRE GEOGRÁFICO | |
| Nombre geográfico | América Latina |
| Subdivisión de materia general | Historia |
| Subdivisión cronológica | 1830 |
| 9 (RLIN) | 28806 |
| 700 1# - PUNTO DE ACCESO ADICIONAL - NOMBRE DE PERSONA | |
| 9 (RLIN) | 3258 |
| Nombre de persona | Godinez, Carlos A. |
| 942 ## - ENTRADA DE ELEMENTOS AGREGADOS (KOHA) | |
| Fuente de clasificaión o esquema | Dewey Decimal Classification |
| Koha [por defecto] tipo de item | 1- Monografias |
| Suprimido | Perdido | Fuente de clasificación o esquema | Estropeado | Restricciones de uso | No para préstamo | Código de colección | Localización permanente | Localización actual | Localización en estanter&íacute;as | Fecha adquisición | Fuente de adquisición | Número de inventario | Préstamos totales | Signatura completa | Código de barras | Fecha última consulta | Fecha del precio de reemplazo | Tipo de item de Koha |
|---|---|---|---|---|---|---|---|---|---|---|---|---|---|---|---|---|---|---|
| NULL | NULL | Dewey Decimal Classification | NULL | Prestable | NULL | NULL | Biblioteca Miguel de Cervantes - UNICAES | Biblioteca Miguel de Cervantes - UNICAES | Sala Principal | 25/11/2014 | Donación - Mauricio Menéndez | 025138 | 980.01 AME | 1025548 | 25/11/2014 | 25/11/2014 | 1- Monografias |